000 00344nam a22001097a 4500
999 _c515169
_d515169
082 _aTNC AB2X54
100 _aAntonio, William V.D (ed.)
_920353
245 _aFamilies and religions : Conflict and modern society
260 _aBeverly Hills
_bSaga publication
_c1983
300 _a320p.
650 _aReligion- India, Religion- Modern society
_920354